LEADER 01100nam 2200385 450 001 9910164242703321 005 20230809222708.0 010 $a1-4988-1274-0 035 $a(CKB)3710000001057253 035 $a(MiAaPQ)EBC4802950 035 $a(EXLCZ)993710000001057253 100 $a20170303h20172017 uy 0 101 0 $aeng 135 $aurcnu|||||||| 181 $2rdacontent 182 $2rdamedia 183 $2rdacarrier 200 10$aGIDEON guide to surveys /$fStephen Berger 205 $a2017 edition. 210 1$aLos Angeles, California :$cGIDEON Informatics, Inc,$d2017. 210 4$d©2017 215 $a1 online resource (3,679 pages) $ccolor illustrations, tables 225 1 $aGideon E-Book Series 410 0$aGideon e-book series. 606 $aSurveys$xStatistical methods 615 0$aSurveys$xStatistical methods. 676 $a001.433 700 $aBerger$b Stephen$01210032 801 0$bMiAaPQ 801 1$bMiAaPQ 801 2$bMiAaPQ 906 $aBOOK 912 $a9910164242703321 996 $aGIDEON guide to surveys$93408389 997 $aUNINA LEADER 01635nam0 22003371i 450 001 UON00191675 005 20231205103217.542 100 $a20030730d1988 |0itac50 ba 101 $aita 102 $aIT 105 $a|||| ||||| 200 1 $aDalla parte del ricevente$epercezione, comprensione, interpretazione$eatti del 19. Congresso internazionale$eRoma-Aula Magna della Sapienza, 8-10 novembre 1985$fSLI, Societą di linguistica italiana$ga cura di Tullio De Mauro, Stefano Gensini e Maria Emanuela Piemontese 210 $aRoma$cBulzoni$d1988. IX$d371 p. ; 21 cm. 410 1$1001UON00067620$12001 $aPubblicazioni della Societa' di linguistica italiana$v26 606 $aGrammatica$3UONC019009$2FI 606 $aLESSICOGRAFIA$3UONC010877$2FI 606 $aLinguistica$3UONC002524$2FI 620 $aIT$dRoma$3UONL000004 676 $a415$cGrammatica$v21 702 1$aDe_Mauro$bTullio$3UONV103361 702 1$aGensini$bStefano$3UONV054364 702 1$aPIEMONTESE$bMaria Emanuela$3UONV112876 710 02$aSocietą di Linguistica Italiana$3UONV053520$0330439 712 $aBulzoni$3UONV265597$4650 801 $aIT$bSOL$c20250523$gRICA 912 $aUON00191675 950 $aSIBA - SISTEMA BIBLIOTECARIO DI ATENEO$dSI ITA Ling 0132 $eSI LO 41619 5 0132 950 $aSIBA - SISTEMA BIBLIOTECARIO DI ATENEO$dSI Collane S.L.I 26 $eSI LO 57822 7 26 966 $aINTERLINGUA$yLESSICOGRAFIA$3UONC036249 996 $aDalla parte del ricevente$9136082 997 $aUNIOR